00759nam a2200169 a 450000100100000000500170001000800410002704000250006811000740009324000160016724501610018326000940034430000200043804900090045895201050046799900170057200003156820200930063024.0110627s1941 dr 000 0 spa d aDO-SdBNPbspacBNPHU1 aRepública DominicanabProcuraduria General de la República93224110aLeyes, etc.10aRelación de las leyes, decretos y resoluciones vigentes que rigen las rentas de la República Dominicana, conforme ley de presupuesto para el año 1941. aCiudad Trujillo, República Dominicana :bProcuraduria General de la República,c1941. a24 p. ;c21 cm. aBNPD 0010718PDaPDbPDcCTd2011-06-27iLF1l0o p31568-10r2020-06-25w2020-06-25yLFPDZNo se presta c31060d31060